00000000cam 2200000zi 4500
0019.960797
003CaOODSP
00520260515105652
006m     o  d f      
007cr cn ||||||||
008260310e202604  onca    ob   f000 0 fre d
020 |a9780660988962
040 |aCaOODSP|bfre|erda|cCaOODSP
043 |an-cn---
0861 |aFs70-5/2026-027F-PDF
1001 |aAli, Kassim, |eauteur.
24510|aÉvaluation des risques indirects pour la santé humaine des labéos frenatus (Epalzeorhynchos frenatum) GloFishMD Cosmic BlueMD (BS2017), GloFishMD Electric GreenMD (GS2017), GloFishMD Sunburst OrangeMD (OS2016) et GloFishMD Galactic PurpleMD (PS2016) pour leur utilisation comme poissons d’ornement au Canada / |cKassim Ali et Stephen Dugan.
264 1|a[Ottawa] : |bSecrétariat canadien de consultation scientifique, |cavril 2026.
264 4|c©2026
300 |a1 ressource en ligne (iv, 25 pages) : |bfigure.
336 |atexte|btxt|2rdacontent/fre
337 |ainformatique|bc|2rdamedia/fre
338 |aressource en ligne|bcr|2rdacarrier/fre
4901 |aDocument de recherche, |x2292-4272 ; |v2026/027
500 |aPublié aussi en anglais sous le titre : Indirect human health risk assessment of the GloFish® Cosmic Blue® (BS2017), GloFish® Electric Green® (GS2017), GloFish® Sunburst Orange® (OS2016), and the GloFish® Galactic Purple® (PS2016) Sharks (Epalzeorhynchos frenatum), for use as ornamental aquarium fish in Canada.
504 |aComprend des références bibliographiques (pages 20-25).
650 6|aPoissons transgéniques|xAspect sanitaire|zCanada.
650 6|aPoissons transgéniques|xÉvaluation du risque|zCanada.
7101 |aCanada. |bMinistère des pêches et des océans. |bRégion de la capitale nationale, |eorganisme de publication.
7102 |aSecrétariat canadien de consultation scientifique, |eorganisme de publication.
77508|tIndirect human health risk assessment of the GloFish® Cosmic Blue® (BS2017), GloFish® Electric Green® (GS2017), GloFish® Sunburst Orange® (OS2016), and the GloFish® Galactic Purple® (PS2016) Sharks (Epalzeorhynchos frenatum), for use as ornamental aquarium fish in Canada / |w(CaOODSP)9.960796
830#0|aDocument de recherche (Secrétariat canadien de consultation scientifique)|v2026/027.|w(CaOODSP)9.503788
85640|qPDF|s539 Ko|uhttps://publications.gc.ca/collections/collection_2026/mpo-dfo/fs70-5/Fs70-5-2026-027-fra.pdf